| 000 | 00726nam a22002417a 4500 | ||
|---|---|---|---|
| 999 |
_c33790 _d33790 |
||
| 001 | 3083 | ||
| 003 | CO-MdFUSB | ||
| 005 | 20180622073130.0 | ||
| 008 | 180502t1961 enk||||| |||| 00| 0 eng d | ||
| 040 |
_aCO-MdFUSB _bspa _cCO-MdFUSB _dCO-MdFUSBC _erda |
||
| 041 | 0 | _aeng | |
| 082 | 0 | 4 | _aG 229 B8643c |
| 100 | 1 |
_aBrockington, L. H. (Leonard Herbert) _eautor |
|
| 245 | 2 |
_aA critical introduction to the apocrypha _c / L. H. Brockington |
|
| 250 | _a1 | ||
| 264 | 4 |
_aLondon : _bGerald Duckworth, _c©1961 |
|
| 300 | _a170 Pag. | ||
| 336 |
_2rdacontent _atexto _btxt |
||
| 337 |
_2rdamedia _asin mediación _bn |
||
| 338 |
_2rdacarrier _avolumen _bnc |
||
| 653 | _aBiblia N.T. - Libros apócrifos - Introducciones | ||
| 942 | _cBK | ||